Norwich City FIFA World Cup Players - Statistics

General Stats
  • This quiz has been taken 11 times
    2 since last reset
  • The average score is 9 of 14
Answer Stats
Answer % Correct
Ali Ahmed
100%
Anis Ben Slimane
100%
Bryan Gunn
100%
José Córdoba
100%
Josh Sargent
100%
Kenny McLean
100%
Leroy Fer
100%
Mohamed Touré
100%
Efan Ekoku
50%
Martin O'Neill
50%
Andy Townsend
0%
Chris Woods
0%
Joseph Yobo
0%
Robert Fleck
0%
No matching quizzes found
Score Distribution
Percent of People with Each Score
Percentile by Number Answered
Your Score History
You have not taken this quiz since the last reset